01404nam a2200277 a 4500001001300000003000900013005001700022008004100039020001800080040002800098082001400126245020100140250005800341260006100399300002900460504004000489650003400529651003300563651008100596651008300677651008400760651008600844651007200930651007401002700005001076C01497960c-2CO-ViMGA20230915233143.0151130s2015 ck gr 00010 spa d a9789587753615 aCO-ViMGAbspacCO-ViMGA04a980 bL6804aLos "otros" de las independencias, los "otros" de la nación : bparticipación de la población afrodescendiente e indígena en las independencias del Nuevo Reino de Granada, Chile y Haití. aMaría Eugenia Chaves Maldonado editora académica. aMedellín : bUniversidad Nacional de Colombia, c2015. a297 páginas ; c23 cm. aIncluye bibliografías e índice.14aAfrodescendientesx Historia. 4aAmérica Latinax Historia. 4aChilex Historiay Guerra de independencia, 1810-1824x Influencia africana. 4aChilex Historiay Guerra de independencia, 1810-1824x Influencia indígena. 4aColombiax Historiay Guerra de independencia, 1810-1819x Influencia africana. 4aColombiax Historiay Guerra de independencia, 1810-1819x Influencia indígena. 4aHaitíx Historiay Revolución, 1791-1804x Influencia africana. 4aHaitíx Historiay Revolución, 1791-1804x Influencia indígena.1 aChaves Maldonado, María Eugenia, eeditora.